000 00581nam a2200193 a 4500
001 5526
003 CO-ViMGA
008 141112s2004 ck r 000 u spa d
040 _aCO-ViMGA
_bspa
_cCO-ViMGA
082 0 4 _a616.8553 Q847
100 1 _aQuirós, Julio B. de
_93842
245 1 0 _aLa dislexia en la niñez /
_cQuirós Julio B. de , Della Cella Matilde A.
260 _aBarcelona :
_bPaidós,
_c1992
300 _a373 p
490 _aPaidós neurología, conducta y neuropsicología, 4
650 1 4 _aDella Cella, Matilde A.
_93843
650 1 4 _aDISLEXIA
942 _2ddc
_cBK
999 _c17511
_d17511